Catalog

Record Details

Catalog Search



Available copies

  • 1 of 1 copy available at LARL/NWRL Consortium.

Current holds

0 current holds with 1 total copy.

Show Only Available Copies
Location Call Number / Copy Notes Barcode Shelving Location Status Due Date
Warroad Public Library e ASB (Text) 35500001677382 Main Available -

Record details

  • ISBN: 0689505604 :
  • Physical Description: 1 v. (unpaged) : col. ill. ; 30 cm.
  • Publisher: New York : M.K. McElderry Books ; 1992.

Content descriptions

General Note:
Translated from the Norwegian.
Summary, etc.:
Convinced that his work in the field is harder ... Read More
Subject: Folklore > Norway.
LDR 01208cam a2200277Ia 4500
00112241
003LARL_NWRL_CONSORTIUM
00519930701104053.0
008910924r19921991nyua j 000 0 eng
010 . ‡a91037599 /AC
020 . ‡a0689505604 : ‡c$13.95
035 . ‡a(OCoLC)24626458
040 . ‡aDLC ‡cDLC
0411 . ‡aeng ‡hnor
08200. ‡a398.2 ‡aE ‡220
092 . ‡a398.2 ‡bAsb
1001 . ‡aAsbjørnsen, Peter Christen, ‡d1812-1885.
24514. ‡aThe man who kept house / ‡cby P.C. Asbjørnsen and J.E. Moe ; illustrated by Svend Otto S.
260 . ‡aNew York : ‡bM.K. McElderry Books ; ‡aToronto : ‡bMaxwell Macmillan Canada ; ‡aNew York : ‡bMaxwell Macmillan International, ‡c1992.
300 . ‡a1 v. (unpaged) : ‡bcol. ill. ; ‡c30 cm.
500 . ‡aTranslated from the Norwegian.
520 . ‡aConvinced that his work in the field is harder than his wife's work at home, a farmer trades places with her for the day.
650 1. ‡aFolklore ‡zNorway. ‡0(LARL_NWRL_CONSORTIUM)165108
7001 . ‡aMoe, Jørgen Engebretsen, ‡d1813-1882.
7000 . ‡aSvend Otto S. ‡q(Svend Otto Sørensen), ‡d1916-
901 . ‡a12241 ‡bOCLC ‡c12241 ‡tbiblio

Additional Resources